| 000 | 01047 a2200217 4500 | ||
|---|---|---|---|
| 001 | 25205 | ||
| 005 | 20260407155535.0 | ||
| 008 | 260407a1949 arg spa d | ||
| 003 | AR-UNSa-BCEJYS | ||
| 040 |
_aAR-UNSa-BCEJYS _bspa _cAR-UNSa-BCEJYS |
||
| 080 |
_a519.2 _xProbabilidades y estadística matemática |
||
| 245 | 1 | 0 | _aMétodos estadísticos para investigadores |
| 264 | 1 |
_aMadrid : _bAguilar _c1949 |
|
| 300 |
_axxiv, 322 p. _c22 cm. |
||
| 505 | _a1. Introducción - 2. Diagramas - 3. Distribuciones - 4. Pruebas de bondad de adaptación, independencia y homogeneidad con la tabla X - 5. Pruebas de significación de medidas, diferencias de medidas y coeficientes de regresión - 6. El coeficiente de correlación - 7. Correlaciones intraclase y el análisis de la varianza - 8. Nuevas aplicaciones del análisis de la varianza - 9. Los principios de estimación estadística. | ||
| 942 | _cBK | ||
| 590 | _aniveau_biblio:m niveau_hierar:0 | ||
| 100 | 1 | _aRuiz Magan, Juan | |
| 700 | 1 | _aFisher, R.A. | |
| 700 | 1 | _aRuiz Rubio, Juan Jose | |
| 999 |
_c1314 _d1314 |
||